000 00571nam a22001697a 4500
005 20251108175107.0
008 250721s2001 xx 000 0 ara d
082 1 4 _a792.028/عبد
100 1 _aعبد العزيز، صبري
245 1 0 _aالقيم التشكيلية في الصورة المرئية المسرحية /
264 1 _aالقاهرة :
_bالهيئة المصرية العامة للكتاب،
_c2001.
300 _a173ص.
650 1 7 _aالعروض المسرحية
650 1 7 _aالنقد المسرحي
942 _2ddc
_cBK
999 _c126021
_d126021